| 000 | 00837nam a2200229Ia 4500 | ||
|---|---|---|---|
| 005 | 20241129110956.0 | ||
| 008 | 241129s9999||||xx |||||||||||||| ||und|| | ||
| 020 | _a978-93-87200-10-4 | ||
| 037 | _aTB | ||
| 040 |
_aCRL _bhin _cCRL |
||
| 041 |
_ahin _2hin |
||
| 084 |
_aNA44,C 152R1 _qCRL |
||
| 100 | _aवर्मा, प्रीति, ले. | ||
| 245 | 0 |
_aप्राचीन भारतीय कला में विज्ञान एवं तकनीकी _cवर्मा, प्रीति, ले. |
|
| 260 |
_aवाराणसी, भारत _bकला प्रकाशन _c2021 |
||
| 300 | _a180पृ0 | ||
| 365 |
_aINR _b4500 |
||
| 546 | _aTranslated from Sanskrit to Hindi | ||
| 650 |
_aललित कला _9156314 |
||
| 942 |
_cTB _hNA44,C 152R1 |
||
| 999 |
_c1228360 _d1228360 |
||